| 000 | 00664nam a22001695i 4500 | ||
|---|---|---|---|
| 001 | 158203 | ||
| 003 | ES-MaACL | ||
| 005 | 20230906211044.0 | ||
| 008 | 040825s1890 fr |||| | fre d | ||
| 040 |
_aCAM _bspa _cCAM |
||
| 100 | 1 |
_aLuchaire, Achille. _974570 |
|
| 245 | 1 | 0 |
_aLouis VI le Gros _b: anales de sa vie et de son règne (1081-1137) : avec une introduction historique / _cpar Achille Luchaire. |
| 260 |
_aParis : _bAlphonse Picard éditeur, _c1890 ( _eMacon : _fImprimerie Protat frères) |
||
| 300 |
_aCC, 395 p. ; _c24 cm. |
||
| 600 | 0 | 4 |
_aLuis _b,VI _cRey de Francia. _9129135 |
| 852 |
_aES-MaACL _jC-1659 _z-- Enc. hol. conservando la cub. original |
||
| 999 |
_c158203 _d158203 |
||